00813nam a2200241 a 450000100060000000300080000600500170001400800410003102000150007203500190008704000310010604100080013708200250014510000480017024500450021826000590026330000290032249000710035150400360042265000140045865000280047283000710050069780BD-RjUL20211209081926.0170413s1976 enka b 001 0 eng d a0521047218 a(BD-RjUL)69992 aDLC/ICUcCGUdBD-RjULbeng aeng a515.43223bCOA 19761 aCopson, E. T.q(Edward Thomas),d1901-1980.10aAsymptotic expansions /cby E.T. Copson. aCambridge :bUniversity Press,cc1965[reprinted 1976]. a120 p. :bill. ;c23 cm.1 aCambridge tracts in mathematics and mathematical physics ;vno. 55 aIncludes bibliography and index 0aIntegrals 0aAsymptotic expansions.I 0aCambridge tracts in mathematics and mathematical physics ;vno. 55